000 00309nam a22001457a 4500
008 210427b ||||| |||| 00| 0 eng d
020 _a9781878267344
041 _aeng
080 _a37
082 _a37
100 _a46
101 _aEDU
245 _aTeaching the Tiger
_cDornbush,M.P
942 _2udc
_cBK
999 _c56802
_d56802